| 000 | 00932nam a22002297a 4500 | ||
|---|---|---|---|
| 999 |
_c12396 _d12396 |
||
| 003 | AR-CdUCM | ||
| 008 | 190408b ||||| |||| 00| 0 spa d | ||
| 040 |
_aMUNICIPALIDAD PROVINCIAL DEL CUSCO _cBIBLIOTECA MUNICIPAL DEL CUSCO |
||
| 082 |
_22ed. _aEP / 373.323 / _bC53 |
||
| 100 |
_aCipriani Thorne, Juan Luis _930227 |
||
| 245 |
_aEducación Familiar : _bTexto articulado de los programas curriculares vigentes de 1°, 2° y 3° grado; y texto complementario para 4° y 5° grado de educación secundaria / |
||
| 260 |
_aLima _bBruño ; _c1997. |
||
| 300 |
_a126 páginas ; _bIlustraciones _c28cm |
||
| 505 | _aContenido: Familia y civismo -- Matrimonio y familia -- Paternidad responsable | ||
| 650 |
_aFamilia _92366 |
||
| 650 |
_aMatrimonio _917105 |
||
| 650 |
_aEducación _9460 |
||
| 700 |
_aPrieto Celi, Federico _930228 |
||
| 700 |
_aCruz de Jibaja Marcela _930229 |
||
| 942 |
_2ddc _cLIBROS |
||
| 945 |
_anom _d2019-04-08 |
||